NBA All-Stars 2020 - Statistics

General Stats
  • This quiz has been taken 74 times
    65 since last reset
  • The average score is 15 of 24
Answer Stats
Position Answer % Correct
PG/SF LeBron James
98%
SF Giannis Antetokounmpo
95%
PG/SG Luka Doncic
86%
SG James Harden
81%
C Joel Embiid
81%
PF/C Anthony Davis
78%
SF Kawhi Leonard
75%
C Nikola Jokic
75%
PG Trae Young
75%
PG Russell Westbrook
73%
PG Damian Lillard
63%
SG/SF Jimmy Butler
61%
PG Kemba Walker
61%
SF Jayson Tatum
58%
C Bam Adebayo
54%
PG Chris Paul
53%
PF/C Domantas Sabonis
53%
SF/SG Khris Middleton
53%
PF Pascal Siakam
53%
PG/PF Ben Simmons
47%
PG Kyle Lowry
47%
C Rudy Gobert
44%
SF/SG Paul George
42%
SF Brandon Ingram
31%
No matching quizzes found
Score Distribution
Percent of People with Each Score
Percentile by Number Answered
Your Score History
You have not taken this quiz since the last reset